[Event "EU-ch 18th"]
[Site "Minsk"]
[Date "2017.06.09"]
[Round "10"]
[White "Shimanov, Aleksandr"]
[Black "Fedoseev, Vladimir1"]
[Result "0-1"]
[WhiteElo "2642"]
[BlackElo "2690"]
[Annotator "Sumets,A"]
[PlyCount "120"]
[EventDate "2017.05.30"]
[EventType "swiss"]
[EventRounds "11"]
[EventCountry "BLR"]
[SourceTitle "CBM 179"]
[Source "ChessBase"]
[SourceDate "2017.07.12"]
[SourceVersion "1"]
[SourceVersionDate "2017.07.12"]
[SourceQuality "1"]

1. d4 d5 2. c4 c6 3. cxd5 cxd5 4. Nf3 Nc6 5. Nc3 Nf6 6. Bf4 Nh5 {If Black
still wants to fight, this is one of the best options.} 7. Bd2 {Aleksandr
deviates from his previous game against Fedoseev.} (7. Be5 e6 (7... f6 $5 8.
Bg3 e5 9. e3 Nxg3 10. hxg3 Bb4 (10... e4 11. Nd2 Be6 12. Ndxe4 Qb6 $2 (12...
dxe4 13. d5 Bxd5 14. Qxd5 Qxd5 15. Nxd5 O-O-O 16. O-O-O $14) 13. Nc5 $2 (13.
Na4 $1 Qa5+ 14. Nec3 $16 {White has an extra pawn and a much better position.})
13... Bxc5 14. dxc5 Qxc5 15. Bb5 Kf7 16. Bxc6 bxc6 17. Rc1 $14 {Vakhidov,J 
(2392)-Salvador,R (2527) Kuala Lumpur 2011 0-1 (65)}) 11. Rc1 O-O 12. Be2 Be6
13. a3 Bxc3+ 14. Rxc3 Rc8 15. Qc2 e4 16. Nd2 Ne7 $11 {Rakhmanov,A (2590)
-Tikkanen,H (2469) Pardubice 2010 1/2 (43)}) 8. e3 Be7 9. Bd3 O-O 10. O-O Bd7
11. Rc1 f6 12. Bg3 Nxg3 {a concession.} (12... Be8 {is stronger.} 13. a3 (13.
e4 dxe4 14. Bxe4 f5 15. Bxc6 $8 Bxc6 $11) 13... Nxg3 (13... g5 $5 14. Qc2 Kg7
15. Na4 g4 16. Nd2 Nxg3 17. hxg3 Bd6 18. Nc5 Qe7 19. Be2 h5 $13 {0-1 (34)
Allen,K (2278)-Volkov,S (2554) Port Erin 2000}) 14. hxg3 Bh5 $11) 13. hxg3 Be8
14. e4 $14 {Shimanov,A (2650)-Fedoseev,V (2597) Khanty-Mansiysk 2013 1/2 (41)})
7... g6 (7... e6 8. e3 Nf6 9. Bd3 Be7 {Julio doesn't need to play e5 to win
the game. He can outplay his opponent everywhere.} ({I have my own bad
experience after} 9... Bd6 10. O-O O-O 11. Rc1 a6 12. a3 ({I think White
should have played} 12. e4 $5 dxe4 13. Nxe4 Nxe4 14. Bxe4 Bd7 15. Qb3 Rb8 16.
d5 $14) 12... e5 {During my preparation I was concerned that pushing e5 is the
only chance to avoid drawish positions.} 13. dxe5 Nxe5 14. Be2 Be6 15. Qc2 Rc8
16. Rfd1 b5 17. Be1 Qe7 18. Qb1 Rfd8 $11 {Loiseau,Q (2401) -Sumets,A (2574)
Rochefort 2015 1-0 (58). Black has got an equal position.}) 10. O-O O-O 11. Rc1
Qd6 12. Qe2 Bd7 13. Rfd1 Rfd8 14. h3 Be8 15. a3 a6 16. Be1 (16. e4 $1 dxe4 17.
Nxe4 Qb8 18. Nxf6+ Bxf6 19. Qe4 g6 20. Bf4 Qa7 21. Be3 Qb8 22. Bc4 $14) 16...
Rac8 17. Bb1 Qb8 18. e4 $2 {White found the worst moment to play e4.} dxe4 19.
Nxe4 Nd5 $2 (19... Nxd4 $1 20. Nxd4 Rxc1 21. Rxc1 Rxd4 22. Bc3 Qf4 23. Re1 Rd8
$17) 20. g3 Bf8 21. Ba2 $11 {Stern,R (2521)-Granda Zuniga,J (2648) Berlin GER
2017 0-1 (48)}) 8. e3 e6 9. Bb5 {White is fighting for the e5-square. Let's
look at other options.} (9. Ne5 Bd6 10. g4 $6 {A strange move.} (10. Nd3 O-O
11. Be2 Nf6 12. O-O b6 13. Rc1 Bb7 14. f3 Rc8 15. Be1 {White has slightly
better chances.}) 10... Ng7 11. Nf3 h5 12. gxh5 Rxh5 13. Be2 Nf5 14. Qc2 Bd7
15. O-O-O Rc8 $15 {Arnaudov,P (2457)-Volkov,S (2579) Konya 2014 0-1 (43)}) (9.
Bd3 Bg7 10. O-O O-O 11. Rc1 f5 12. Na4 f4 $2 (12... Nf6 13. b4 a6 14. Nc5 $14)
13. Bb5 Ne7 14. Bb4 fxe3 15. fxe3 b6 16. Ne5 $2 (16. Qc2 Bh6 17. Rfe1 Bd7 18.
Bxd7 Qxd7 19. Qc7 Qxa4 (19... Qxc7 20. Rxc7 Nf5 21. Bxf8 Rxf8 22. Rxa7 $16) 20.
Bxe7 $18) 16... Rxf1+ 17. Qxf1 Nf5 $14 {Colovic,A (2457)-Salvador,R (2527)
Milan 2010 1/2 (27)}) 9... Bd7 10. Ne5 $146 Nxe5 {Vladimir is looking for
counterplay. If he needs to play solidly he could choose 10...Bd6.} ({I don't
think that White has an advantage after} 10... Bd6 11. Nxd7 Qxd7 12. Rc1 Rc8
13. O-O O-O $11) 11. dxe5 Bxb5 12. Nxb5 a6 13. Nd4 {The position which has
arisen should be in White's favour.} Bc5 (13... Rc8 14. O-O Be7 15. Qb3 Qd7 16.
Rac1 O-O 17. Bb4 $14) 14. Nb3 {Now the position is about equal.} ({White could
have got an advantage after} 14. Rc1 $1 Rc8 (14... Bb6 $2 15. Bb4 $16) 15. O-O
O-O 16. Qa4 $1 {and Black faces some problems. For example} Ng7 (16... Bb6 17.
Rxc8 Qxc8 18. Rc1 Qb8 19. Qb4 Ba7 20. g4 Ng7 21. Qd6 Qa8 (21... Rc8 22. Qxb8
Rxb8 23. Kf1 $16) 22. Qd7 Bb6 23. Bb4 Rd8 24. Qe7 Re8 25. Qd6 $14) 17. Nb3 Bb6
18. Rxc8 Qxc8 19. Rc1 Qb8 20. Qb4 $14 {Black has weaknesses on the queenside
and his knight is too far away to help him. Actually, White has an extra piece
on the queenside.}) 14... Be7 15. O-O O-O 16. Rc1 Qd7 ({A draw could be
reached after} 16... Rc8 17. Rxc8 Qxc8 18. Qb1 Qd7 19. Rc1 Rc8 $11) 17. Ba5
Rac8 18. Qd4 Ng7 19. g4 $6 {It wasn't necessary to weaken his king. ...Nf5 is
not a threat.} (19. e4 {the most likely result of the game is draw.} Qb5 20.
Bc7 $5 (20. exd5 Nf5 21. Qd2 exd5 22. Bc3 Rc4 23. Nd4 Nxd4 24. Bxd4 Rfc8 $11)
20... dxe4 (20... Ne8 21. Bb6 Ng7 22. Bc7 Qd7 23. Ba5 Qb5 24. Bc7 $11) (20...
Qd7 21. Bb6 $5 (21. Ba5 Qb5 22. Bc7 Qd7 $11) 21... Bg5 22. Rcd1 Qb5 23. exd5
Nf5 24. Qg4 Be7 25. Be3 Nxe3 26. fxe3 exd5 27. Rd2 Qb6 28. Nd4 Rce8 $13) 21.
Qxe4 Ne8 (21... Nf5 22. Rfd1 a5 23. Bxa5 $6 (23. h3 a4 24. Nd4 Nxd4 $6 25. Qxd4
Bg5 26. Rc2 $14) 23... Rxc1 24. Rxc1 Ra8 25. Qe1 b6 26. Bc3 Rxa2 $15) 22. Ba5
Ng7 23. Bc7 $11) 19... f5 ({Vladimir could have got some advantage after} 19...
f6 $1 20. Rxc8 Rxc8 21. Bc3 (21. exf6 Rc4 22. Qe5 Rxg4+ 23. Kh1 Bd6 $17) 21...
Rc4 22. Qd1 fxe5 23. Bxe5 Ne8 {Black is slightly better.}) 20. h3 Qb5 21. Qb6 {
It seems to me that White shouldn't trade queens.} (21. Qd2 b6 22. Bc3 a5 23.
Nd4 Qd7 24. f4 Bc5 25. Rc2 {with an approximately equal position.}) 21... Rc4
22. Qxb5 $6 {A serious mistake, which leads to a bad position.} (22. Nd4 $1
Qxb6 23. Bxb6 Rb4 (23... Rfc8 24. Rxc4 Rxc4 25. a3 Kf7 26. f3 h5 27. Rd1 {
and only White can play to win.}) 24. Rc7 Rxb6 25. Rxe7 Rxb2 26. Rc1 fxg4 27.
hxg4 Rbxf2 28. Rxb7 h5 29. Rxg7+ Kxg7 30. Nxe6+ Kh6 31. Nxf8 Rxf8 $11) 22...
axb5 23. f3 $2 {I think that Aleksandr missed Black's next move.} (23. Nd4 Ra8
24. Bc7 fxg4 $1 25. hxg4 Ne8 26. Bd6 Nxd6 27. exd6 Bxd6 $15) 23... h5 24. gxh5
Nxh5 25. Nd4 Ra8 $6 (25... Bc5 $1 26. Rxc4 bxc4 27. Bc3 Kf7 28. Kg2 (28. f4 Ng3
29. Ra1 Ne4 30. Kg2 g5 31. fxg5 Nxg5 $17) 28... Ra8 29. a3 f4 30. e4 Bxd4 31.
Bxd4 dxe4 32. fxe4 Rd8 $17 {Black should win the game.}) 26. Rxc4 $6 {It leads
to a lost position.} ({White should have tried} 26. Bd2 $5 Rxa2 27. Ra1 Rxb2 (
27... Rxa1 28. Rxa1 f4 29. b3 fxe3 30. Bxe3 Rc3 31. Kf2 $15) 28. Bc1 Rbb4 29.
Ba3 f4 30. Bxb4 Rxb4 31. Rfb1 $17 {The position which has arisen is in Black's
favour but at least White has some counterplay.}) 26... bxc4 27. Bc3 Kf7 $17
28. a3 Ng3 ({It was even stronger to play} 28... f4 $5 29. e4 (29. Ne2 fxe3 30.
Bd4 g5 31. Bxe3 Nf4 $1 32. Nxf4 gxf4 33. Bxf4 Bc5+ 34. Kh2 Bd4 $19) 29... Bc5
30. Kg2 dxe4 31. fxe4 Bxd4 32. Bxd4 Rd8 33. Bb6 Rd3 $17 {Black should win the
endgame.}) 29. Re1 Bc5 30. Kg2 ({White could have tried.} 30. Nb5 f4 $1 31. Bd4
Bxd4 32. Nd6+ Kg7 33. exd4 Ra6 $19) ({White's best chance was} 30. Kh2 $1 f4
31. exf4 Nf5 {White shouldn't take on f5.} 32. Rd1 Bxd4 33. Bxd4 Ke7 34. Bf2
$17) 30... f4 $1 31. exf4 Nf5 32. Nxf5 (32. Rd1 $4 Ne3+ {That's the difference
between Kg2 and Kh2.}) 32... gxf5 33. Rd1 {Despite an extra pawn, White's
position is hopeless.} Rg8+ 34. Kh2 b5 $2 {Vladimir could have got a winning
position after ...Kg6. The king is aiming to penetrate on h4. If White doesn't
want to trade bishops then Black will gain the f4-pawn.} (34... Kg6 $1 35. Bd4
(35. a4 Kh5 36. b3 (36. Bd2 Bd4 37. Bc1 Bf2 38. Bd2 Bg3+ 39. Kh1 Kh4 40. Rg1
Kxh3 $19) 36... d4 $1 37. Bxd4 Rd8 38. Bxc5 Rxd1 39. bxc4 Ra1 $19) 35... Bxd4
36. Rxd4 Kh5 37. Rd1 b5 38. Rc1 (38. Ra1 Kh4 39. a4 bxa4 40. Rxa4 Rb8 $19)
38... Kh4 39. Rd1 Rg3 40. Rf1 d4 $19) 35. Bd4 $1 Bxd4 36. Rxd4 Kg6 37. Kg3 Kh5+
38. Kf2 {Now White's king can help to fight against the d4-pawn. However,
Black's position is still winning.} Kh4 39. Rd1 Rg7 {Black shouldn't be in
hurry, even if he could have won imediately. He'll still have his chance to
play b4.} (39... b4 $1 $19) 40. Ra1 Rg8 41. Rc1 (41. b3 d4 42. Rd1 Rd8 43. Ke2
Kg3 {is hopeless for White.}) (41. a4 bxa4 42. Rxa4 Rb8 43. Ra7 (43. Ra6 d4 44.
Rxe6 Rxb2+ $19) 43... Rxb2+ 44. Ke3 Kxh3 45. Re7 c3 46. Rxe6 (46. Rc7 c2 47.
Rc8 Ra2 48. Rc7 Kg2 49. Rg7+ Kf1 50. Kd2 Kf2 51. Re7 d4 52. Rxe6 d3 $19) 46...
Rd2 $19) 41... b4 $1 42. axb4 Rb8 43. Kg2 Rxb4 $19 {The rest is very easy. The
rook endgame with an extra pawn is completely hopeless for White.} 44. Rc2 Rb8
45. Kh2 Rb3 46. Kg2 Rd3 47. Re2 Rd4 {Black regains a pawn.} 48. Rc2 Rxf4 49.
Rc3 Rd4 50. b3 (50. Rc2 Rd3 51. Re2 Rb3 52. Rd2 Re3 $19) 50... f4 51. bxc4 Rxc4
52. Ra3 Rc2+ 53. Kf1 Kg3 54. h4 Rh2 55. Ke1 Rxh4 56. Ra6 Kxf3 57. Rxe6 Ke3 58.
Kd1 d4 59. Kc2 Rh7 60. Rd6 f3 0-1

[Event "Montreal 6th"]
[Site "Montreal"]
[Date "2005.08.11"]
[Round "8"]
[White "Tyomkin, Dimitri"]
[Black "Roussel Roozmon, Thomas"]
[Result "1-0"]
[WhiteElo "2467"]
[BlackElo "2439"]
[Annotator "Tyomkin,D"]
[PlyCount "89"]
[EventDate "2005.08.03"]
[EventType "tourn"]
[EventRounds "11"]
[EventCountry "CAN"]
[EventCategory "12"]
[SourceTitle "CBM 109"]
[Source "ChessBase"]
[SourceDate "2005.11.14"]
[SourceVersion "1"]
[SourceVersionDate "2005.11.14"]
[SourceQuality "1"]

1. d4 d5 2. c4 c6 3. Nf3 Nf6 4. Nc3 a6 5. cxd5 cxd5 6. Bf4 Nc6 7. Rc1 Ne4 8. a3
{According to Dautov, that's the best move for White here. See below other
options based on recent games:} (8. e3 Nxc3 9. bxc3 Bf5 (9... g6 10. Bd3 $146 (
10. h3) (10. c4 e5 $1 11. dxe5 Bb4+ 12. Nd2 Be6 $44) 10... Bg7 11. O-O O-O 12.
e4 (12. c4 dxc4 13. Bxc4 Bf5 14. Qe2 Rc8 $11) 12... Be6 13. Qd2 (13. Ng5 $2
dxe4 14. Nxe6 $2 fxe6 $19) 13... dxe4 14. Bxe4 Bc4 15. Rfe1 Qa5 (15... Rc8 16.
Bh6 $14) 16. Rc2 (16. Rb1 Bd5 $1 17. Rxb7 (17. c4 Qxd2 18. Bxd2 Bxe4 19. Rxe4
f5 20. Re6 Nxd4 $11) 17... Bxe4 18. Rxe4 Qd5 $1 19. Qd3 Nxd4 $11) 16... Rfe8
17. Bxc6 $1 (17. Bh6 Rac8 $11) 17... bxc6 18. Ne5 Bxe5 (18... Bd5 19. c4 Qxd2
20. Bxd2 Bxe5 21. cxd5 Bxd4 22. dxc6 $16) (18... Qd5 19. Nxc4 Qxc4 20. Qe2 Qxe2
21. Rcxe2 e6 22. Rb1 $14) 19. Rxe5 $16 {1-0 Gulko,B-Shabalov,A/Willemstad 2003
2003/Informator 89/[Gulko,B ] (27)}) (9... Bg4 10. Be2 e6 {1/2-1/2 Dumitrache,
D-Istratescu,A/Avoine 2003/CBM 095 ext}) 10. Bd3 (10. Ne5 Nxe5 11. Bxe5 f6 12.
Bg3 e6 13. Qb3 b5 14. a4 bxa4 15. Qxa4+ Qd7 16. Ra1 Qxa4 {1/2-1/2 Topalov,
V-Bacrot,E/Dubai 2002/CBM 089}) 10... Bxd3 11. Qxd3 e6 12. O-O Bd6 13. Bxd6
Qxd6 14. c4 dxc4 15. Rxc4 O-O 16. Rfc1 h6 (16... e5 17. Qb1 $1) 17. Qc3 $14 {
1-0 Veingold,A-Wu Shaobin/Mallorca 2004/CBM 104 no vc (56)} (17. Qe4 $5)) (8.
Ne5 Nxc3 (8... Nxe5 9. Bxe5 e6 10. a3 Bd7 11. Nxe4 dxe4 12. e3 Qa5+ 13. Qd2
Qxd2+ 14. Kxd2 Bc6 15. Bc4 Kd7 16. Ke2 f6 17. Bg3 {1/2-1/2 Portisch,L-Acs,P/
Paks 2004/CBM 102}) 9. Rxc3 Bd7 10. Nxc6 (10. Qb3 Nxe5 (10... f6 11. Nxc6 Bxc6
12. e3 e6 13. Bd3 Be7 14. O-O Kf7 15. Rfc1 Qd7 16. a3 Rhc8 17. Qd1 g6 18. Qe2
$14 {1/2-1/2 Khenkin,I-Sakaev,K/Germany 2004/CBM 100}) 11. Bxe5 Bc6 12. e3 e6
13. Be2 f6 14. Bg3 Be7 15. O-O O-O 16. a3 Qd7 17. Rfc1 Bd8 18. h3 Ba5 19. Rc5
Ba4 20. Qa2 Bb6 21. R5c3 Ba5 22. b4 Bb6 23. Bd3 Rac8 24. Qb1 h6 25. Be2 {
1/2-1/2 Nikolaidis,I-Skorchenko,D/Moscow RUS 2005/The Week in Chess 551}) (10.
e3 e6 11. a3 Rc8 12. Nxc6 (12. Qc2 Nxe5 13. Bxe5 Rxc3 14. Qxc3 Qc8 15. Kd2
Qxc3+ 16. Kxc3 f6 17. Bg3 Be7 18. Bd3 {1/2-1/2 Marin,M-Iordachescu,V/Bucharest
2001/CBM 082}) 12... Rxc6 13. Rxc6 Bxc6 14. Bd3 Qa5+ 15. Qd2 Qxd2+ 16. Kxd2 Kd7
17. Rc1 Be7 {1/2-1/2 Reinderman,D-Wells,P/Pulvermuehle 2005/CBM 104 ext}) 10...
Bxc6 11. a3 e6 12. e3 Be7 13. Bd3 g6 14. O-O f6 15. Qg4 Kf7 16. Rfc1 a5 17. h3
Rg8 18. Qe2 Qd7 19. a4 Rgc8 20. b3 Ba3 21. Ra1 Qe7 22. Rc2 {1/2-1/2 Rustemov,
A-Dreev,A/Dos Hermanas 2005/CBM 107}) 8... Nxc3 (8... Bf5 {Dautov} 9. e3 e6 10.
Bd3 (10. Nxe4 $5 Bxe4 11. Nd2 $14) 10... Nxc3 11. Rxc3 Bxd3 12. Qxd3 Bd6 13.
Bxd6 {1/2-1/2 Kortschnoj,V-Dreev,A/Dortmund 1994}) 9. Rxc3 e6 {Thomas was not
familiar with Dautov's analysis, and chose the logical developing move.} (9...
Qb6 $1 $11 {Dautov} 10. Qd2 (10. Qc2 g6 (10... Bg4 $5 11. Ne5 Nxe5 12. dxe5 (
12. Bxe5 f6 13. Bc7 Qxd4) 12... Bd7 $11) 11. e3 Bg7 12. Rc5 Bf5 13. Qc3 O-O 14.
Be2 Rac8 15. b4 a5 16. b5 e5 $1 $15 {Lev,R-Lutz,C/EU-chJ U18 1987}) 10... Bg4 {
Schwarz strebt eine ausgeglichene symmetrische Stellung an. Etwas ergeiziger
war 10...f6, um Ne5 zu verhindern.} (10... f6 $5 11. h3 (11. e3 Bg4 $11) 11...
Bf5 12. e3 Be4 13. Be2 e6 14. O-O Be7 $11) 11. Ne5 Nxe5 12. Bxe5 Rc8 13. e3 f6
14. Bg3 Rxc3 15. Qxc3 Bd7 $1 16. Bd3 e6 17. O-O Be7 $1 (17... Bd6 18. Bxd6 Qxd6
19. Rc1 Ke7 20. Qc7 $16 Qxc7 21. Rxc7 b5 22. Kf1 $16) 18. Bc7 ({Auf das von
mir ursprünglich geplante} 18. Rc1 {hat Schwarz zwei gute Möglichkeiten- 18...
Bc6 oder 18...Kf7.} Kf7 (18... Bc6 $11 {/\Kf7}) 19. Qc7 $2 (19. Bc7 Qa7 $11)
19... Qxb2 20. Rb1 $2 Qxb1+ 21. Bxb1 Rc8 $17) 18... Qc6 19. Rc1 Qxc3 20. Rxc3 {
1/2-1/2 Dautov,R-Dreev,A/Essen 2000/CBM 077/[Dautov] (40) Mit Remisangebot...})
10. e3 Bd6 11. Bg3 O-O 12. Bd3 h6 13. Bb1 {White wants to provoke the
weakening f5 ...} Qe7 14. Qc2 {Perhaps 14.Qd3 is better since it doesn't block
the c-file for the white rooks, but on the other hand 14.Qc2 has more
flexibility, e.g. keeping the Qb3 option;} f5 {14...g6 doesn't weaken the dark
squares as much as in the game, but has other disadvantages;} (14... g6 15. Ne5
$5 Bxe5 16. dxe5 Bd7 17. O-O Rac8 18. Rc1 Na7 19. Qd2 Rxc3 20. Rxc3 Rc8 21.
Rxc8+ Nxc8 22. e4 $16 {[%cal Gg3f4,Gf4e3]}) 15. O-O Bd7 16. Rc1 Rfc8 17. Qb3
Bxg3 18. hxg3 Na5 19. Rxc8+ Rxc8 20. Rxc8+ Bxc8 21. Qc2 $14 {That's almost the
maximum that White can get in this line- outpost e5, Black has a bad pawn
structure and a half-dead Bc8;} Nc6 22. g4 {White is not satisfied with a
clear positonal advantage, and is looking for tactics;} ({The severe way is:} 
22. Ne5 Bd7 23. Nd3 $16 {[%cal Gg3g4] keeping all the positonal advantages;})
22... Bd7 23. g3 $6 (23. gxf5 exf5 24. Qb3 Be6 25. Qb6 $16 {Black's position
is very sad here, but not lost yet;}) 23... fxg4 $1 {Correctly accepting the
complications- Black prefers to have his king in some danger (after all White
has only 3 pieces in this attack) than to die slowly;} 24. Qh7+ Kf7 25. Bg6+
Kf6 26. Nh4 {But now I realized that on 26.Nh2 Black replies 28...Kg5 and
White can't exploit the black king anyhow...} (26. Nh2 Kg5 $1) 26... e5 $2 {
Black didn't stand a pressure and failed in defense;} (26... Be8 $1 27. Bf5 Kg5
$1 {Also here this crazy move saves Black;} 28. Bg6 Kf6 29. Bd3 (29. Bf5 Kg5
$11) 29... Qf7 30. Ng6 Kg5 $5 31. Nf4 Ne7 {White's queen has no way back....})
27. Bh5 $1 $16 (27. Bf5 Kf7 $1) 27... Qf8 28. Bxg4 Bxg4 29. Qg6+ Ke7 30. Qxg4
Qf6 (30... Kd8 31. dxe5 $18) 31. Qc8 $6 {Now it is White's turn to go wrong-
31.dxe5 wins the game easily;} (31. dxe5 Nxe5 32. Qb4+ Ke8 33. Qxb7 $18) 31...
exd4 32. Nf5+ $16 Kf7 33. Qxb7+ Kg8 34. Qxc6 Qxf5 35. exd4 Qb1+ 36. Kh2 Qf5 37.
Kg1 Qb1+ 38. Kh2 Qf5 39. Qe8+ Kh7 40. Kg2 {This queen's ending is an easy win
for White- he has an extra pawn, and the black pawns a6 and d5 are targets for
attack;} Qb1 41. b4 Qb2 42. Qe3 Qb1 43. Qe5 (43. Qf3 $1 {is even better- it
wins one of Black's pawns on the spot;}) 43... Qd3 44. Qxd5 Qxa3 45. Qe4+ (45.
Qe4+ Kg8 46. Qa8+ Kh7 47. b5 $18) 1-0

[Event "ISR-chT"]
[Site "Israel"]
[Date "2001.05.04"]
[Round "9.5"]
[White "Gurevich, Gregory"]
[Black "Tyomkin, Dimitri"]
[Result "0-1"]
[WhiteElo "2369"]
[BlackElo "2476"]
[Annotator "Tyomkin,D"]
[PlyCount "74"]
[EventDate "2001.02.??"]
[EventType "team"]
[EventRounds "11"]
[EventCountry "ISR"]
[SourceTitle "CBM 083"]
[Source "ChessBase"]
[SourceDate "2001.07.05"]
[SourceVersion "1"]
[SourceVersionDate "2001.07.05"]
[SourceQuality "1"]

1. d4 d5 2. c4 c6 3. cxd5 cxd5 4. Nc3 Nf6 5. Nf3 Nc6 6. Bf4 Ne4 7. Qb3 {
Rare move. Usually white plays 7.e3;} Nxc3 {In the spirit of the variation. 7..
e6 also leads to the good position of black:} (7... e6 8. e3 g5 (8... Nxc3 9.
bxc3 Bd6 10. Bxd6 Qxd6 11. Bb5 O-O 12. O-O b6 13. Rfc1 Na5 14. Qb4 Qd8 15. Ne5
Bb7 16. Rab1 f6 17. Nf3 Rc8 $15 {[%csl Rc3] 1/2-1/2 Andersen,J-Gretarsson,H/
Gausdal 1994/EXT 97 (61)}) 9. Nxe4 (9. Bg3 h5 {Typical idea in Slav Defense-
it destroys white's pawn structure on the kingside;} 10. h4 Nxg3 11. fxg3 g4
12. Ng1 Bh6 $17 {0-1 El Arousy,A-Tissir,M/Tanta 1997/EXT 98 (48)}) 9... gxf4
10. Nc3 Bd6 11. exf4 Bxf4 12. Bd3 Qf6 13. O-O Bd7 14. Rfe1 (14. Qxb7 $2 Rb8 15.
Qa6 Nb4 $19 {[%csl Rd3]}) 14... O-O-O $15 {0-1 Shpilker,B-Khenkin,I/Metz 1997/
EXT 99 (41)}) 8. bxc3 g6 9. e4 $1 {Now white can use it's queen on b3- f7
becomes a target;} dxe4 {Principal move. After 9...e6 black doesn't have too
much troubles,and this is probably the best move for black:} (9... e6 10. exd5
(10. Bd3 Bg7 11. h4 h6 12. O-O O-O 13. Qc2 b6 14. Qd2 Kh7 15. h5 $13 {[%cal
Gg2g3,Yg1g2,Yf1h1] White is playing ofr attack on black's king here; 1-0
Koutsin,S-Dashko,G/Minsk 1996/CBM 52 ext (33)}) 10... exd5 11. Bb5 Bg7 12. Qa3
Qe7+ 13. Qxe7+ Kxe7 14. O-O f6 15. c4 a6 16. Bxc6 bxc6 17. cxd5 cxd5 18. Rac1
Ra7 $11 {1/2-1/2 Hodgson,J-Shaw,J/Aberdeen 1998/EXT 99 (36)}) {Seeing this
position for the first time, I was a little bit warried: 10.Ng5 and 10.Ne5-
both look dangerous for black.} 10. Ng5 (10. Ne5 Nxe5 $8 (10... Be6 11. Qxb7
Nxe5 12. Bxe5 f6 13. Bxf6 $3 {[%cal Rf1b5]} Rb8 14. Qxe4 $18 {[%csl Re6]}) 11.
Bxe5 f6 12. Bc4 Bh6 {[%cal Ge8f8,Gf8g7] and black is safe.}) 10... e6 11. Nxe4
Be7 {Unfortunately bishop can not be developed to g7- d6 is weak;} 12. Bb5 $6 {
After 12.Bh6 white could choose between forcing the draw by repeatition by 12..
.Bf8 13.Bf4 13...Be7 etc., or playing with some edge after 13.Bxf8;} (12. Bh6
Bf8 (12... Qd5 13. f3 $5 (13. Qxd5 exd5 14. Bg7 Rg8 15. Nf6+ Bxf6 16. Bxf6 $14)
) 13. Bxf8 (13. Bf4 $11 {and draw by repeatition;}) 13... Kxf8 14. Be2 Qe7 15.
O-O b6 {[%cal Gc8b7] Black isn't too much worse here;} 16. Rfd1 Bb7 17. Qb2 Rd8
18. Qd2 (18. c4 Qb4 $1) 18... Kg7 19. Qe3 Rd7 20. Rd2 Rhd8 21. Rad1 Qa3 22. h4
Ne7 23. Nf6 Nd5 24. Nxd5 exd5 25. h5 {1/2-1/2 Lytchak,A-Marzolo,C/Tallinn 1997/
CBM 59 ext (25)}) 12... O-O 13. O-O Na5 {[%csl Yc4] Black intends to create
pressure over c-file on the weak c3-pawn; Probably this position is already
better for black- white has to create something very quick, because it has
worse pawn structure, and white gonna suffer in positional play;} 14. Qb1 {
[%cal Rf4h6]} Bd7 {Unfortunately black can not develop Bc8 to the big diagonal:
} (14... b6 $2 15. Bh6 {[%csl Rf8]}) 15. Nc5 {White doesn't want to suffer
because of worse pawn structure and tries to complecate the game;} Bxb5 16.
Qxb5 a6 $1 {It Checks out the queen, removing it from annoying place;} 17. Qd7
Bxc5 {Forthcoming ending is much better for black;} 18. Qxd8 Rfxd8 19. dxc5 {
[%csl Ra2,Ga5,Rc3,Rc5][%cal Ya5b7,Ya5c4,Ya5c6] It looks like white has better
bishop than black knight in this ending, but the bishop is quite useless-
white can not create any counterplay against black king; On the other hand,
white queenside pawns are very weak, and black knight is in the right area,
also c4 can be perfect outpost for the knight;} Rd5 $6 {Unaccuracy- White has
got some chances to save the game;} (19... Rac8 $142 20. Rfd1 Rxd1+ 21. Rxd1
Rxc5 22. Rd8+ Kg7 23. Be3 Rb5 $19 {[%cal Ye6e5]}) 20. Be3 (20. Bd6 $142 Nc4 21.
Rfd1 Nxd6 22. cxd6 Rd8 23. Rxd5 exd5 $17 {but white has some practical chances
in this rook's ending;} 24. Rb1 $140 b5 25. a4 Rxd6 26. axb5 Rb6 {[%cal Yb6b5]}
) 20... Nc4 21. Rab1 Rb8 $1 {This short move stops all counterplay of white-
c5-pawn is lost now;} 22. c6 (22. Rfd1 Nxe3 23. fxe3 Rxc5 $17 {[%csl Ra2,Rc3,
Re3] Pawn up and pawn weaknesses of white should be enough for black to get a
win;}) 22... b5 23. a4 Rc8 {Time to pick up white pawns;} 24. axb5 axb5 25.
Rfd1 Nxe3 26. fxe3 Rxd1+ 27. Rxd1 Rxc6 28. Rd3 Kf8 29. Kf2 {Better chance was:}
(29. e4 $5 Ke7 30. e5 Rc5 31. Re3 Rd5 $19) 29... Ke7 {[%cal Rc6d6] Intending
Rd6 to trade rooks;} 30. e4 Rd6 31. Rh3 h5 32. Ke3 e5 {[%csl Rh3] White rook
is trapped on the kingside now, and black gonna use it immediatly;} 33. Rf3 Rf6
$1 {Not letting white rook to escape;} 34. Rg3 Rf4 $1 {[%cal Rf4g4]} 35. Rh3
Rg4 36. g3 {Now white can forget about the rook- now this is like in pawn's
ending;} Kd6 37. Kd3 Kc5 0-1